000 00658nam a22002057a 4500
005 20251108165502.0
008 250721s1985 xx 000 0 ara d
082 1 4 _aم/217.5/مقد
100 1 _aالمقدسي، شمس الدين أبو عبد الله محمد بن مفلح
245 1 0 _aكتاب الفروع يليه تصحيح الفروع /
250 _aط4
264 1 _aبيروت :
_bعالم الكتب،
_c1985.
300 _a
650 1 7 _aالإسلام
650 1 7 _aالفقه الإسلامي
650 1 7 _aالفقه الحنبلي
700 1 _aالمرداوي، علاء الدين
942 _2ddc
_cREF
999 _c29031
_d29031